[Event "Le Kram BICA Rapid op 1st"]
[Site "Le Kram"]
[Date "2022.11.27"]
[Round "7"]
[White "Jabloun, Bilel"]
[Black "Sadkaoui, Ghazi"]
[Result "1-0"]
[WhiteElo "1987"]
[BlackElo "1900"]
[PlyCount "71"]
[EventDate "2022.11.27"]
[EventType "swiss (rapid)"]
[EventRounds "9"]
[EventCountry "TUN"]
[SourceTitle "CBM 211 Extra"]
[Source "ChessBase"]
[SourceDate "2023.01.31"]
[SourceVersion "1"]
[SourceVersionDate "2023.01.31"]
[SourceQuality "1"]

1. b4 Nf6 2. Bb2 g6 3. b5 Bg7 4. e3 0-0 5. Nf3 d6 6. c4 a6 7. a4 axb5 8. axb5 Rxa1 9. Bxa1 b6 10. Be2 Bb7 11. 0-0 Nbd7 12. d4 Ne4 13. Nbd2 Ndf6 14. Qc2 Nxd2 15. Nxd2 Nd7 16. Bb2 e5 17. d5 f5 18. Ra1 Qe7 19. Ra7 Nc5 20. Nb3 Bc8 21. Nxc5 bxc5 22. b6 Qg5 23. Rxc7 f4 24. exf4 Qxf4 25. Bf1 Bf5 26. Qc1 Qg4 27. b7 Be4 28. Qe3 Bf5 29. h3 Qh4 30. Qg3 Qe4 31. Qe3 Qb1 32. Qc1 Qa2 33. Qa1 Qb3 34. Qa7 Qxb2 35. Rxg7+ Kxg7 36. b8Q+ 1-0

[Event "TUN-chTB"]
[Site "Hammamet"]
[Date "2019.03.17"]
[Round "8.1"]
[White "Sadkaoui, Ghazi"]
[Black "Bourkhis, Adnane"]
[Result "0-1"]
[WhiteElo "1863"]
[BlackElo "1974"]
[PlyCount "42"]
[EventDate "2019.02.09"]
[EventType "team-tourn"]
[EventRounds "11"]
[EventCountry "TUN"]
[SourceTitle "EXT 2021"]
[Source "ChessBase"]
[SourceDate "2020.10.23"]
[SourceVersion "1"]
[SourceVersionDate "2020.10.23"]
[SourceQuality "1"]

1. Nf3 d5 2. g3 f5 3. Bg2 Nf6 4. 0-0 e6 5. d3 Bd6 6. Nbd2 e5 7. c4 c6 8. Rb1 0-0 9. b4 Qe7 10. b5 e4 11. Nd4 Ng4 12. N2b3 f4 13. bxc6 bxc6 14. cxd5 Nxh2 15. Kxh2 fxg3+ 16. fxg3 Qh4+ 17. Kg1 Bxg3 18. Rxf8+ Kxf8 19. dxe4 Qh2+ 20. Kf1 Bh3 21. Ne6+ Kg8 0-1

[Event "TUN-chTB"]
[Site "Hammamet"]
[Date "2019.03.16"]
[Round "7.3"]
[White "Sadkaoui, Ghazi"]
[Black "Boufaied, Amine"]
[Result "1-0"]
[WhiteElo "1863"]
[BlackElo "1566"]
[PlyCount "85"]
[EventDate "2019.02.09"]
[EventType "team-tourn"]
[EventRounds "11"]
[EventCountry "TUN"]
[SourceTitle "EXT 2021"]
[Source "ChessBase"]
[SourceDate "2020.10.23"]
[SourceVersion "1"]
[SourceVersionDate "2020.10.23"]
[SourceQuality "1"]

1. Nf3 d5 2. g3 Nf6 3. Bg2 Bf5 4. d3 h6 5. 0-0 e6 6. Nbd2 Be7 7. Re1 Bh7 8. b3 0-0 9. Bb2 Nbd7 10. e4 c6 11. e5 Ne8 12. Nf1 a5 13. a4 Nc7 14. h4 Na6 15. N1h2 Nb4 16. Bf1 c5 17. c3 Nc6 18. Bc1 Rb8 19. d4 cxd4 20. cxd4 Nb4 21. Re2 Rc8 22. Bf4 Bc2 23. Qd2 Bd3 24. Ree1 Rc2 25. Qe3 Bxf1 26. Rxf1 Qc7 27. Bxh6 Qc3 28. Bg5 Qxe3 29. Bxe3 Rfc8 30. Rfc1 Nd3 31. Rxc2 Rxc2 32. Ne1 Nxe1 33. Rxe1 Ba3 34. Ra1 Bb4 35. Rc1 Rxc1+ 36. Bxc1 Nb8 37. Kf1 Nc6 38. Nf3 Kh7 39. Ke2 g6 40. Bd2 Be7 41. Kd3 Kg7 42. Bg5 Bxg5 43. Nxg5 1-0

[Event "TUN-chTB"]
[Site "Hammamet"]
[Date "2019.03.10"]
[Round "5.1"]
[White "Sadkaoui, Ghazi"]
[Black "El Kout, Youssef"]
[Result "1-0"]
[WhiteElo "1863"]
[BlackElo "1569"]
[PlyCount "83"]
[EventDate "2019.02.09"]
[EventType "team-tourn"]
[EventRounds "11"]
[EventCountry "TUN"]
[SourceTitle "EXT 2021"]
[Source "ChessBase"]
[SourceDate "2020.10.23"]
[SourceVersion "1"]
[SourceVersionDate "2020.10.23"]
[SourceQuality "1"]

1. Nf3 Nf6 2. g3 d5 3. Bg2 Nbd7 4. 0-0 e6 5. d3 Be7 6. Nbd2 0-0 7. e4 dxe4 8. dxe4 Re8 9. Re1 e5 10. Nc4 Bf8 11. Nfd2 Nb6 12. Ne3 Be6 13. a4 a5 14. Qe2 Qd7 15. b3 Bb4 16. Rd1 Qe7 17. Bb2 Bd6 18. Ndf1 Red8 19. g4 g6 20. Ng3 Nfd7 21. Ngf5 gxf5 22. gxf5 Nf8 23. fxe6 fxe6 24. Kh1 Ng6 25. Qg4 Rf8 26. Rf1 Rf4 27. Qg3 Raf8 28. f3 Qg7 29. Qh3 Re8 30. Ng4 Rff8 31. Rfe1 Nf4 32. Qh4 Kh8 33. Bf1 Ng6 34. Qh3 Nf4 35. Qh4 Ng6 36. Qg3 Nf4 37. Bb5 c6 38. Bc4 Re7 39. Rad1 Bc7 40. Rd2 Rg8 41. Red1 h5 42. Qh4 1-0